| 000 | 01007nas a2200265Ia 4500 | ||
|---|---|---|---|
| 001 | R308/46445 | ||
| 003 | IT-RoPAU | ||
| 008 | 151124c99999999xx |||||||||||| ||und|| | ||
| 040 | _aIT-RoPAU | ||
| 040 | _cIT-RoPAU | ||
| 041 | _aITALIANO | ||
| 100 |
_aAA.VV. _gCodice Aut. SPICS: 12000 |
||
| 210 | _aLINUS | ||
| 222 | _aLinus | ||
| 245 |
_aLINUS, ANNO 15-N.01 (GENNAIO 1979) _bLinus, Anno 15-N.01 (Gennaio 1979) |
||
| 250 | _a1a ed. | ||
| 260 |
_aMILANO _bMILANO LIBRI _c1979 |
||
| 501 |
_bPaulus - SPICS - Società San Paolo EM (non-commercial uses only) _cCopyright2015 |
||
| 300 | _a138 p. | ||
| 310 | _aMENSILE | ||
| 362 | _aANNO 015, N.01 (GENNAIO 1979) | ||
| 500 | _aIl Mistero dell'Atala di D. Panebarco. Noi che Amiamo i Bambini di M. Bernardi. Una Dedica per L'Anno del Bambino di Chumi-Chumez. Peanuts di C. Schulz. i Costumi degli Incas di Copi. Terrore Sulla Città di C. Bretcher. Un Ingrato di C. Bretcher. Le Orec | ||
| 650 |
_aFUMETTO _vPUBBLICAZIONE PERIODICA |
||
| 942 | _cCR | ||
| 999 |
_c134846 _d134846 |
||